Представление документа в формате MARC21

ПолеНазваниеЗначение
  Тип записи a
  Библиографический уровень m
001 Контрольный номер RU\infra-m\znanium\bibl\2210368
005 Дата корректировки 20260429142110.5
008 Кодируемые данные 251003s2025 RU g rus u
020 Индекс ISBN __
a ISBN 978-5-16-021004-9
020 Индекс ISBN __
a ISBN 978-5-16-113715-4 (электр. издание)
020 Индекс ISBN __
a ISBN 978-985-588-322-8 (ISBN соиздателя)
040 Источник каталогиз. __
a Служба первич. каталог. Общество с ограниченной ответственностью «ЗНАНИУМ»
041 Код языка издания __
a Код языка текста rus
044 Код страны публикации __
a Код страны публикации RU
080 Индекс УДК __
a Индекс УДК 615(075.8)=111
084 Индекс другой классификации/Индекс ББК __
2 Источник индекса rubbk
a Индекс другой классификации/Индекс ББК 52.81я73=432.1
084 Индекс другой классификации/Индекс ББК __
2 Источник индекса okso
a Индекс другой классификации/Индекс ББК 30.05.03
084 Индекс другой классификации/Индекс ББК __
2 Источник индекса okso
a Индекс другой классификации/Индекс ББК 31.05.01
084 Индекс другой классификации/Индекс ББК __
2 Источник индекса okso
a Индекс другой классификации/Индекс ББК 31.05.02
084 Индекс другой классификации/Индекс ББК __
2 Источник индекса okso
a Индекс другой классификации/Индекс ББК 31.05.03
084 Индекс другой классификации/Индекс ББК __
2 Источник индекса okso
a Индекс другой классификации/Индекс ББК 32.05.01
084 Индекс другой классификации/Индекс ББК __
2 Источник индекса okso
a Индекс другой классификации/Индекс ББК 33.05.01
084 Индекс другой классификации/Индекс ББК __
2 Источник индекса okso
a Индекс другой классификации/Индекс ББК 34.03.01
100 Автор __
a Автор Михайлова Е.И.
q Полное имя Михайлова Елена Ивановна
u Дополнение Гомельский государственный медицинский университет
245 Заглавие __
a Заглавие Фармакология = Pharmacology
b Продолж. заглавия Учебное пособие
c Ответственность Гомельский государственный медицинский университет
250 Сведения об издании __
a Основные сведения об издании 1
260 Выходные данные __
a Место издания Москва
b Издательство ООО "Научно-издательский центр ИНФРА-М"
c Дата издания 2026
300 Физическое описание __
a Объем 333 с.
440 Серия __
a Серия Высшее образование (ГомГМУ)
520 Аннотация __
a Аннотация В учебном пособии рассмотрены современные проблемы общей и частной фармакологии. Описаны фундаментальные принципы действия лекарственных средств и даны характеристика основных фармакологических групп лекарственных препаратов их классификация фармакокинетика фармакодинамика показания и противопоказания к назначению побочные эффекты. Предназначено для студентов аспирантов клинических ординаторов учреждений высшего медицинского образования обучающихся на английском языке по специальности «Лечебное дело».
521 Примеч. о цел. назн. __
a Примеч. о целев. назн. Профессиональное образование
650 Тематические рубрики __
a Основная рубрика Медицина. Фармакология
x Основная подрубрика Фармакология
655 Указ. предметных рубрик (устаревшее) __
a Жанр/ форма (устаревшее) Учебное пособие
700 Другие авторы __
a Другие авторы Саварина В.А.
q Полное имя Саварина Валерия Александровна
u Дополнение Гомельский государственный медицинский университет
700 Другие авторы __
a Другие авторы Сатырова Т.В.
q Полное имя Сатырова Татьяна Викторовна
u Дополнение Гомельский государственный медицинский университет
700 Другие авторы __
a Другие авторы Палковский, О.Л.
700 Другие авторы __
a Другие авторы Сенникова А.В.
700 Другие авторы __
a Другие авторы Киселевич И.Н.
856 Электронный адрес документа 4_
a Имя сервера/домена znanium.ru
m Помощь ebs_support@infra-m.ru
n Местонахождение сервера НИЦ ИНФРА-М
u URL https://znanium.ru/catalog/document?id=470645
856 Электронный адрес документа 48
a Имя сервера/домена znanium.ru
d Путь /cover/2210
f Электронное имя 2210368.jpg
q Тип электронного формата image/jpeg
u URL https://znanium.ru/cover/2210/2210368.jpg
911 __
u 0030=https://znanium.ru/catalog/document?id=470645